<?xml version="1.0" encoding="UTF-8"?>
<record
    xmlns:xsi="http://www.w3.org/2001/XMLSchema-instance"
    xsi:schemaLocation="http://www.loc.gov/MARC21/slim http://www.loc.gov/standards/marcxml/schema/MARC21slim.xsd"
    xmlns="http://www.loc.gov/MARC21/slim">

  <leader>01317nam a22001577a 4500</leader>
  <datafield tag="999" ind1=" " ind2=" ">
    <subfield code="c">514765</subfield>
    <subfield code="d">514765</subfield>
  </datafield>
  <controlfield tag="008">201212b           ||||| |||| 00| 0 eng d</controlfield>
  <datafield tag="100" ind1=" " ind2=" ">
    <subfield code="a">Chen, Shu-Heng. </subfield>
    <subfield code="9">21722</subfield>
  </datafield>
  <datafield tag="245" ind1=" " ind2=" ">
    <subfield code="a">On the ontological turn in economics: The promises of agent-based computational economics</subfield>
  </datafield>
  <datafield tag="260" ind1=" " ind2=" ">
    <subfield code="a">Philosophy of The Social Sciences  </subfield>
  </datafield>
  <datafield tag="300" ind1=" " ind2=" ">
    <subfield code="a">50(3), Jun, 2020: p,238-259</subfield>
  </datafield>
  <datafield tag="520" ind1=" " ind2=" ">
    <subfield code="a">This article argues that agent-based modeling (ABM) is the methodological implication of Lawson&#x2019;s championed ontological turn in economics. We single out three major properties of agent-based computational economics (ACE), namely, autonomous agents, social interactions, and the micro-macro links, which have been well accepted by the ACE community. We then argue that ACE does make a full commitment to the ontology of economics as proposed by Lawson, based on his prompted critical realism. Nevertheless, the article also points out the current limitations or constraints of ACE. Efforts to overcome them are deemed to be crucial before ACE can make itself more promising to the current ontological turn in economics.-  Reproduced </subfield>
  </datafield>
  <datafield tag="650" ind1=" " ind2=" ">
    <subfield code="a">Ontological turn, Agent-based modeling, Autonomous agents, Social interaction, Micro-macro link</subfield>
    <subfield code="9">19614</subfield>
  </datafield>
  <datafield tag="773" ind1=" " ind2=" ">
    <subfield code="a">Philosophy of The Social Sciences</subfield>
  </datafield>
  <datafield tag="906" ind1=" " ind2=" ">
    <subfield code="a">ONTOLOGY</subfield>
  </datafield>
  <datafield tag="942" ind1=" " ind2=" ">
    <subfield code="c">AR</subfield>
  </datafield>
  <datafield tag="952" ind1=" " ind2=" ">
    <subfield code="0">0</subfield>
    <subfield code="1">0</subfield>
    <subfield code="2">ddc</subfield>
    <subfield code="4">0</subfield>
    <subfield code="7">0</subfield>
    <subfield code="9">388777</subfield>
    <subfield code="a">IIPA</subfield>
    <subfield code="b">IIPA</subfield>
    <subfield code="d">2020-12-12</subfield>
    <subfield code="h">50(3), Jun, 2020: p,238-259</subfield>
    <subfield code="p">AR123642</subfield>
    <subfield code="r">2020-12-12</subfield>
    <subfield code="y">AR</subfield>
  </datafield>
</record>
